Manual de retórica española.

Saved in:
Bibliografiske detaljer
Hovedforfatter: Azaustre, Antonio (autor)
Andre forfattere: Casas, Juan (autor)
Format: Bog
Udgivet: Barcelona, España: Ariel, S.A., 1997.
Udgivelse:1a.edición.
Serier:Letras e ideas.
Fag:
Tags: Tilføj Tag
Ingen Tags, Vær først til at tagge denne postø!

MARC

LEADER 00000nam a22000007a 4500
003 CL-VaPUC
005 20220822114555.0
008 2207081997 ||||| |||| 00| 0 eng d
999 |c 436834  |d 436832 
020 |a 84-344-8391-2 
040 |c Pontificia Universidad Católica de Valparaíso 
082 7 |a 860.9 AZA 1997  |2 22 
100 1 |a Azaustre, Antonio  |e autor  |9 872478 
245 |a Manual de retórica española.  
250 |a 1a.edición. 
260 |a Barcelona, España:   |b Ariel, S.A.,  |c 1997. 
300 |a 188 páginas.  
490 |a Letras e ideas.  
500 |a c.1 Donación Familia Prof. Alejandro Guzmán Brito. 
583 |c 20220708  |k Cristina María Rojas Aguilar 
650 |a Español  |x Retórica  |9 870344 
700 |a Casas, Juan   |e autor  |9 872479 
942 |2 ddc  |c BK  |n 0 
952 |0 0  |1 0  |2 ddc  |4 0  |6 860_900000000000000_AZA_1997  |7 1  |8 C_AGB  |9 584564  |a BIBDER  |b BIBDER  |d 2022-07-08  |e Donación   |i 5652610  |o 860.9 AZA 1997  |p 5652610  |r 2023-01-25  |t 1  |w 2022-07-08  |y BK_US  |k AGB